| 000 | 00666nam a2200217 a 4500 | ||
|---|---|---|---|
| 005 | 20220607063630.0 | ||
| 008 | 160815s2013 mx r 000 0 spa d | ||
| 020 | _a9786074017175 | ||
| 035 | _aUPN01000212319 | ||
| 049 | _aCG | ||
| 050 | 4 |
_aHB1952 _bI4.6 |
|
| 245 | 0 | 0 |
_aImpactos socioculturales de la migración / _ccoord. Brigitte Lamy. |
| 260 |
_aMéxico : _bUniversidad de Guanajuato : _bPorrúa, _c2013. |
||
| 300 |
_a181 p. : _btablas |
||
| 440 | 0 | _aDesarrollo y migración | |
| 650 | 4 |
_aMIGRACION INTERNA - _xASPECTOS SOCIALES |
|
| 650 | 4 |
_aMigración interna _zMéxico _95825 |
|
| 700 | 1 |
_aLamy, Brigitte, _ecoord. |
|
| 905 | _aLibro | ||
| 999 |
_c184419 _d184419 |
||